000 00394nam a2200169 4500
001 46092
090 _a46092
100 _a20260508 pory50
101 _apor
102 _aBR
200 _aPelos caminhos do mundo
_ePoesias e contos
_fWandercy de Carvalho
210 _aRio de Janeiro
_c[S.n.]
_d1988
215 _a71 p.
675 _a82-1
675 _a82-34
801 _aPT
_gRPC
990 _cLIVROS